La Follia de la subjectivitat /
Descripción Física:
3 pàgs. ; il. col. ; 29 cm.
Colección:
Arrel : revista editada per la Diputació de Barcelona
; Núm. 14 (maig, 1986) ; pàgs. 62-64
Otros Autores:
James, William, 1842-1910
MARC
| LEADER | 00000nab a2200000 a 4500 | ||
|---|---|---|---|
| 001 | 8161 | ||
| 003 | Arxiu | ||
| 005 | 20260324175952.0 | ||
| 008 | 160829s9999 xx 000 0 cat d | ||
| 100 | |a Sarret, Josep |9 42699 | ||
| 245 | |a La Follia de la subjectivitat / |c Josep Sarret | ||
| 260 | |a Barcelona : |b Diputació de Barcelona ; |c 1986 | ||
| 300 | |a 3 pàgs. ; |b il. col. ; |c 29 cm. | ||
| 490 | |a Arrel : revista editada per la Diputació de Barcelona ; |v Núm. 14 (maig, 1986) ; pàgs. 62-64 |x 0211-562X | ||
| 650 | |a Psicologia de la religió |x Ressenyes de llibres |9 42808 | ||
| 650 | |a Filosofia i religió |9 42809 | ||
| 700 | 1 | |a James, William, |t Les Varietats de l'experiència religiosa |d 1842-1910 | |
| 856 | 4 | |u https://media.diba.cat/diba/fitxers/arxiu/hemeroteca/arrel/8161/bib_8161_1984_1986_n06_a15_baixa.pdf |y bib_8161_1984_1986_baixa.pdf | |
| 856 | 4 | ||
| 900 | |a bib_8161_1984_1986_n06_a15_baixa.pdf | ||
| 901 | |a Arxiu | ||
| 942 | |n 1 |2 udc | ||
| 952 | |0 0 |1 0 |2 udc |4 0 |6 REV94 |7 1 |9 51041 |a Arxiu |b Arxiu |d 2016-12-01 |o Rev-94 |r 2016-12-01 00:00:00 |w 2016-12-01 |y ARXIU | ||
| 999 | |c 54884 |d 54884 | ||